Philosophie de l'inconscient / (Record no. 155114)

MARC details
000 -LEADER
campo de control de longitud fija 01124nam a22002535i 4500
001 - NÚMERO DE CONTROL
campo de control 155114
003 - IDENTIFICADOR DE NÚMERO DE CONTROL
campo de control ES-MaACL
005 - FECHA Y HORA DE LA ÚLTIMA TRANSACCIÓN
campo de control 20240126063016.0
008 - DATOS DE LONGITUD FIJA--INFORMACIÓN GENERAL
campo de control de longitud fija 020912s1877 fr |||| | fre d
080 ## - NÚMERO DE LA CLASIFICACIÓN DECIMAL UNIVERSAL
Número de la Clasificación Decimal Universal 159.964.2
100 1# - ENTRADA PRINCIPAL--NOMBRE DE PERSONA
Nombre de persona Hartmann, Eduard von,
Fechas asociadas al nombre 1842-1906
9 (RLIN) 61986
245 10 - MENCIÓN DEL TÍTULO
Título Philosophie de l'inconscient /
Mención de responsabilidad, etc. par Édouard de Hartmann ; traduite de l'allemand et précédée d'une introduction par D. Nolen.
250 ## - MENCION DE EDICION
Mención de edición Éd. revue
Resto de la mención de edición par l'auteur et précédée d'une préface écrite pour cette éd.
260 ## - PUBLICACIÓN, DISTRIBUCIÓN, ETC.
Lugar de publicación, distribución, etc. Paris :
Nombre del editor, distribuidor, etc. Librairie Germer Baillère et Cie.,
Fecha de publicación, distribución, etc. 1877 (
Fabricante Imp. de E. Martinet)
300 ## - DESCRIPCIÓN FÍSICA
Extensión 2 v. ;
Dimensiones 22 cm.
490 1# - MENCIÓN DE SERIE
Mención de serie Bibliothèque de philosophie contemporaine
505 8# - NOTA DE CONTENIDO CON FORMATO
Nota de contenido con formato Contiene: I. Phénoménologie de l'inconscient (LXXI, 592 p.) -- II. Métaphysique de l'inconscient (618 p.)
650 #4 - PUNTO DE ACCESO ADICIONAL DE MATERIA--TÉRMINO DE MATERIA
Término de materia o nombre geográfico como elemento de entrada Subconsciente.
9 (RLIN) 17233
700 1# - ENTRADA AGREGADA--NOMBRE PERSONAL
Nombre de persona Nolen, Desiré.
9 (RLIN) 153147
830 1# - PUNTO DE ACCESO ADICIONAL DE SERIE-TÍTULO UNIFORME
Título uniforme Bibliothèque de philosophie contemporaine
9 (RLIN) 181027
852 4# - LOCALIZACIÓN
Ubicación ES-MaACL
Número de control de estantería D-6587-88
Nota libre - Enc. pasta española
852 4# - LOCALIZACIÓN
Ubicación ES-MaACL
Número de control de estantería D-4587-88
Nota libre - Enc. cart.
Holdings
Estatus retirado Estado de pérdida Estado de daño No para préstamo Colección Biblioteca de origen Biblioteca actual Ubicación en estantería Fecha de adquisición Fuente de adquisición Total de préstamos Signatura topográfica completa Código de barras Visto por última vez Precio de reemplazo Tipo de ítem Koha
        Libros del s. XIX Biblioteca del Ateneo de Madrid Biblioteca del Ateneo de Madrid Sala Valle Inclán 17/01/2008     D-4587-88 901162256 23/02/2023 23/02/2023 Libro impreso antiguo
        Libros del s. XIX Biblioteca del Ateneo de Madrid Biblioteca del Ateneo de Madrid Sala Valle Inclán 17/01/2008     D-6587-88 901162255 23/02/2023 23/02/2023 Libro impreso antiguo